00606nam a22001937a 450000500170000001000130001702000080003003500130003803700160005104000120006708200130007910000140009224500970010626000480020327000520025130000310030365000150033465000630034920170124110206.0 aB-042126 c170 aB-042126 bCen Lib/Ret aDPLbEN a000bRGU aR. Gupta  aAir india recruitment examination :cby R. Gupta bconducted by staff selection commission / aNew Delhi bRamesh Publication House c2002 a12-H, new dariya ganj road bNew Delhi e110002 avarious pagings c23cm(Hb) aGeneralia  aExercises, qestion papers etc (All india recruitment exam)